A question of balance (Record no. 60143)

MARC details
000 -LEADER
fixed length control field 00794cam a2200217 4500
001 - CONTROL NUMBER
control field ABS61377
008 - FIXED-LENGTH DATA ELEMENTS--GENERAL INFORMATION
fixed length control field 000000n1999 000 0 eng u
035 ## - SYSTEM CONTROL NUMBER
System control number (Sirsi) u100539
100 ## - MAIN ENTRY--PERSONAL NAME
Personal name Cooke, M.
245 #2 - TITLE STATEMENT
Title A question of balance
260 ## - PUBLICATION, DISTRIBUTION, ETC.
Date of publication, distribution, etc. 1999
490 ## - SERIES STATEMENT
Series statement Housing Today
Volume/sequential designation (151) 16 September 1999, 16-17(2)
520 ## - SUMMARY, ETC.
Summary, etc. Council housing is on the edge of significant change. When urban councils began to opt for more stock transfers this was unpopular. Now government has revealed plans to give tenants more power in the transfer process. Questions the direction the transfer process will take.
590 ## - LOCAL NOTE (RLIN)
Local note ABS
650 ## - SUBJECT ADDED ENTRY--TOPICAL TERM
Topical term or geographic name entry element STOCK TRANSFERS
650 ## - SUBJECT ADDED ENTRY--TOPICAL TERM
Topical term or geographic name entry element COUNCIL HOUSING
650 ## - SUBJECT ADDED ENTRY--TOPICAL TERM
Topical term or geographic name entry element LOCAL AUTHORITIES
650 ## - SUBJECT ADDED ENTRY--TOPICAL TERM
Topical term or geographic name entry element HOUSING ESTATES
690 ## - LOCAL SUBJECT ADDED ENTRY--TOPICAL TERM (OCLC, RLIN)
Topical term or geographic name as entry element HOUSING
942 ## - ADDED ENTRY ELEMENTS (KOHA)
Suppress in OPAC 0
Holdings
Withdrawn status Lost status Source of classification or shelving scheme Damaged status Not for loan Home library Current library Shelving location Date acquired Total Checkouts Full call number Barcode Date last seen Copy number Price effective from Koha item type
    Dewey Decimal Classification     London London Journal article 18/10/1999   ABS61377 100539-1001 06/08/2019 1 06/08/2019 Journal article